Statistics for 2014 Champions League Final Squads

Click here to take the quiz!

General Stats

  • This quiz has been taken 954 times
  • The average score is 23 of 38

Answer Stats

Position Player % Correct
LFCristiano Ronaldo
99%
CBSergio Ramos
98%
CFKarim Benzema
97%
GKIker Casillas
95%
RFGareth Bale
95%
DFMarcelo
94%
RMLuka Modrić
90%
CBRaphaël Varane
89%
CFDiego Costa
85%
CBDiego Godín
85%
DFPepe
83%
LMKoke
80%
RBDaniel Carvajal
78%
GKThibaut Courtois
78%
ManagerCarlo Ancelotti
74%
ManagerDiego Simeone
74%
LBFábio Coentrão
70%
LBFilipe Luís
70%
LMÁngel di María
68%
RBJuanfran
66%
MFIsco
61%
CMGabi
60%
CMSami Khedira
59%
GKDiego López
56%
CBMiranda
54%
DFÁlvaro Arbeloa
53%
FWÁlvaro Morata
51%
CMTiago
39%
MFCristian Rodríguez
37%
CFDavid Villa
35%
MFDiego
34%
RMRaúl García
32%
MFAsier Illarramendi
32%
MFMario Suárez
21%
FWAdrián López
20%
DFToby Alderweireld
16%
GKDaniel Aranzubia
9%
MFJosé Ernesto Sosa
9%

Score Distribution

Percentile by Number Answered

Percent of People with Each Score

Your Score History

You have not taken this quiz